logo

Bir Sreshtho Munshi Abdur Rouf Library
Jhenaidah Cadet College

উন্নয়নের রাজনীতি / (Record no. 988)

MARC details
000 -LEADER
fixed length control field 00668nam a2200217 a 4500
001 - CONTROL NUMBER
JCCL Control Number 988
003 - CONTROL NUMBER IDENTIFIER
JCCL marc code BD-JhCC
005 - DATE AND TIME OF LATEST TRANSACTION
control field 20171012115935.0
008 - FIXED-LENGTH DATA ELEMENTS--GENERAL INFORMATION
fixed length control field 171012s2006 bg |||| |||| 000 0 ben d
020 ## - INTERNATIONAL STANDARD BOOK NUMBER
International Standard Book Number 9848557881
035 ## - SYSTEM CONTROL NUMBER
system control number (BD-JhCC) 988
040 ## - CATALOGING SOURCE
Original cataloging agency BD-JhCC
Modifying agency BD-JhCC
041 ## - LANGUAGE CODE
Language code of Book ben
082 ## - DEWEY DECIMAL CLASSIFICATION NUMBER
Classification number 306.095492
Author mark and Year MUH 2006
100 ## - MAIN ENTRY--PERSONAL NAME
Personal name মুহাম্মদ, আনু
245 ## - TITLE STATEMENT
Title উন্নয়নের রাজনীতি /
Statement of responsibility, etc আনু মুহাম্মদ
260 ## - PUBLICATION, DISTRIBUTION, ETC. (IMPRINT)
Place of publication, distribution, etc ঢাকা:
Name of publisher, distributor, etc সূচীপত্র
Date of publication, distribution, etc ২০০৬
300 ## - PHYSICAL DESCRIPTION
Pagination ১৩৬ পৃ.;
Dimensions ২০ সে.মে.
650 ## - SUBJECT ADDED ENTRY--TOPICAL TERM
Topical term or geographic name as entry element Economic policy
Geographic subdivision Bangladesh
942 ## - ADDED ENTRY ELEMENTS (KOHA)
Source of classification or shelving scheme Dewey Decimal Classification
Koha item type Books
Holdings
Source of classification or shelving scheme Damaged status Not for loan Home library Current library Date of accession Cost, normal purchase price Total Checkouts Full call number Barcode Date last seen Copy number Koha item type
Dewey Decimal Classification     JCC Rouf Library JCC Rouf Library 10/12/2017 150.00   306.095492 MUH 2006 1940 10/12/2017 C-1 Books

JCC Library | Contacts | JCC Home

Last Update on 23 September 2017
Copyright @ 2017-2020 JCC Rouf Library
Rouf Library, Jhenidah Cadet College (JCC), Bangladesh